[Event "Villarobledo Online Qualifyer"]
[Site "playchess.com #155672"]
[Date "2009.05.23"]
[Round "11"]
[White "Direchess"]
[Black "Mtudorache"]
[Result "1-0"]
[WhiteElo "2011"]
[BlackElo "1748"]
[PlyCount "197"]
[EventDate "2009.05.23"]
[EventType "swiss (blitz)"]

1. e4 {[%emt 0:00:01]} c5 {[%emt 0:00:01]} 2. Nf3 {[%emt 0:00:01]} Nc6 {[%emt
0:00:01]} 3. d4 {[%emt 0:00:03]} cxd4 {[%emt 0:00:00]} 4. Nxd4 {[%emt 0:00:01]}
Nf6 {[%emt 0:00:00]} 5. Nc3 {[%emt 0:00:02]} e5 {[%emt 0:00:00]} 6. Ndb5 {
[%emt 0:00:06]} d6 {[%emt 0:00:01]} 7. Na3 {[%emt 0:00:08]} a6 {[%emt 0:00:01]}
8. Nc4 {[%emt 0:00:11]} b5 {[%emt 0:00:12]} 9. Ne3 {[%emt 0:00:05]} Be6 {[%emt
0:00:03]} 10. a3 {[%emt 0:00:06]} Be7 {[%emt 0:00:01]} 11. Bd3 {[%emt 0:00:03]}
O-O {[%emt 0:00:02]} 12. O-O {[%emt 0:00:02]} Rb8 {[%emt 0:00:05]} 13. Ned5 {
[%emt 0:00:05]} Bxd5 {[%emt 0:00:07]} 14. Nxd5 {[%emt 0:00:03]} Nxd5 {[%emt 0:
00:01]} 15. exd5 {[%emt 0:00:01]} Nd4 {[%emt 0:00:00]} 16. c3 {[%emt 0:00:05]}
e4 {[%emt 0:00:35]} 17. Bxe4 {[%emt 0:00:04]} f5 {[%emt 0:00:02]} 18. Bd3 {
[%emt 0:00:04]} Qb6 {[%emt 0:00:24]} 19. Be3 {[%emt 0:00:09]} Bf6 {[%emt 0:00:
03]} 20. Bxf5 {[%emt 0:00:29]} g6 {[%emt 0:00:11]} 21. Be6+ {[%emt 0:00:03]}
Kg7 {[%emt 0:00:02]} 22. Bxd4 {[%emt 0:00:03]} Bxd4 {[%emt 0:00:01]} 23. Qxd4+
{[%emt 0:00:09]} Qxd4 {[%emt 0:00:01]} 24. cxd4 {[%emt 0:00:01]} Rf4 {[%emt 0:
00:00]} 25. Rac1 {[%emt 0:00:06]} Rxd4 {[%emt 0:00:03]} 26. Rc6 {[%emt 0:00:05]
} Rd8 {[%emt 0:00:05]} 27. Rxa6 {[%emt 0:00:04]} Rd2 {[%emt 0:00:00]} 28. b4 {
[%emt 0:00:03]} Rf8 {[%emt 0:00:04]} 29. Rxd6 {[%emt 0:00:05]} Rd3 {[%emt 0:00:
01]} 30. Ra6 {[%emt 0:00:04]} Rf4 {[%emt 0:00:01]} 31. Ra5 {[%emt 0:00:04]}
Rfd4 {[%emt 0:00:02]} 32. Rxb5 {[%emt 0:00:04]} Rxa3 {[%emt 0:00:01]} 33. Rb7+
{[%emt 0:00:03]} Kh6 {[%emt 0:00:02]} 34. h3 {[%emt 0:00:02]} Ra4 {[%emt 0:00:
04]} 35. Bg8 {[%emt 0:00:05]} Kg5 {[%emt 0:00:02]} 36. b5 {[%emt 0:00:04]} Rab4
{[%emt 0:00:02]} 37. b6 {[%emt 0:00:05]} h5 {[%emt 0:00:04]} 38. Rc1 {[%emt 0:
00:11]} Rb5 {[%emt 0:00:04]} 39. Rb8 {[%emt 0:00:07]} Rdb4 {[%emt 0:00:05]} 40.
d6 {[%emt 0:00:09]} Rd4 {[%emt 0:00:02]} 41. Rc6 {[%emt 0:00:12]} Rb1+ {[%emt
0:00:04]} 42. Kh2 {[%emt 0:00:02]} h4 {[%emt 0:00:00]} 43. Rc5+ {[%emt 0:00:05]
} Kh6 {[%emt 0:00:02]} 44. Ba2 {[%emt 0:00:11]} Ra1 {[%emt 0:00:04]} 45. Be6 {
[%emt 0:00:09]} Rdd1 {[%emt 0:00:02]} 46. g4 {[%emt 0:00:05]} hxg3+ {[%emt 0:
00:01]} 47. Kxg3 {[%emt 0:00:02]} Rxd6 {[%emt 0:00:03]} 48. Bg4 {[%emt 0:00:07]
} Ra3+ {[%emt 0:00:02]} 49. f3 {[%emt 0:00:04]} Rb3 {[%emt 0:00:02]} 50. b7 {
[%emt 0:00:03]} Rdb6 {[%emt 0:00:01]} 51. Rc7 {[%emt 0:00:01]} Kg5 {[%emt 0:00:
05]} 52. h4+ {[%emt 0:00:01]} Kf6 {[%emt 0:00:01]} 53. Rf8+ {[%emt 0:00:02]}
Ke5 {[%emt 0:00:02]} 54. Re7+ {[%emt 0:00:03]} Kd4 {[%emt 0:00:03]} 55. Rd8+ {
[%emt 0:00:01]} Kc3 {[%emt 0:00:01]} 56. Rc7+ {[%emt 0:00:01]} Kb2 {[%emt 0:00:
01]} 57. b8=Q {[%emt 0:00:02]} Rxb8 {[%emt 0:00:01]} 58. Rxb8 {[%emt 0:00:01]}
Rxb8 {[%emt 0:00:00]} 59. Kf4 {[%emt 0:00:02]} Rb6 {[%emt 0:00:01]} 60. Kg5 {
[%emt 0:00:01]} Kb3 {[%emt 0:00:02]} 61. h5 {[%emt 0:00:02]} gxh5 {[%emt 0:00:
01]} 62. Bxh5 {[%emt 0:00:00]} Rb5+ {[%emt 0:00:03]} 63. Kh6 {[%emt 0:00:03]}
Rf5 {[%emt 0:00:01]} 64. Rc6 {[%emt 0:00:06]} Rf4 {[%emt 0:00:02]} 65. Kg5 {
[%emt 0:00:01]} Rf8 {[%emt 0:00:02]} 66. Rf6 {[%emt 0:00:02]} Rg8+ {[%emt 0:00:
03]} 67. Bg6 {[%emt 0:00:01]} Kb4 {[%emt 0:00:01]} 68. f4 {[%emt 0:00:01]} Rd8
{[%emt 0:00:02]} 69. f5 {[%emt 0:00:00]} Rd2 {[%emt 0:00:01]} 70. Rf7 {[%emt 0:
00:01]} Rg2+ {[%emt 0:00:01]} 71. Kf6 {[%emt 0:00:00]} Kc5 {[%emt 0:00:01]} 72.
Kg7 {[%emt 0:00:01]} Kd6 {[%emt 0:00:01]} 73. f6 {[%emt 0:00:00]} Rg1 {[%emt 0:
00:02]} 74. Rf8 {[%emt 0:00:01]} Kd7 {[%emt 0:00:01]} 75. f7 {[%emt 0:00:00]}
Rg2 {[%emt 0:00:08]} 76. Ra8 {[%emt 0:00:02]} Rf2 {[%emt 0:00:02]} 77. f8=Q {
[%emt 0:00:01]} Rxf8 {[%emt 0:00:02]} 78. Rxf8 {[%emt 0:00:00]} Ke7 {[%emt 0:
00:00]} 79. Rf7+ {[%emt 0:00:02]} Ke6 {[%emt 0:00:01]} 80. Rf6+ {[%emt 0:00:02]
} Ke5 {[%emt 0:00:01]} 81. Kf7 {[%emt 0:00:02]} Kd5 {[%emt 0:00:02]} 82. Ke7 {
[%emt 0:00:01]} Ke5 {[%emt 0:00:01]} 83. Bh7 {[%emt 0:00:01]} Kd5 {[%emt 0:00:
01]} 84. Re6 {[%emt 0:00:03]} Kc5 {[%emt 0:00:01]} 85. Kd7 {[%emt 0:00:01]} Kd5
{[%emt 0:00:01]} 86. Bg6 {[%emt 0:00:02]} Kc5 {[%emt 0:00:01]} 87. Rd6 {[%emt
0:00:02]} Kb5 {[%emt 0:00:03]} 88. Kc7 {[%emt 0:00:01]} Kc5 {[%emt 0:00:01]}
89. Bf7 {[%emt 0:00:03]} Kb5 {[%emt 0:00:01]} 90. Rc6 {[%emt 0:00:01]} Ka5 {
[%emt 0:00:01]} 91. Rb6 {[%emt 0:00:01]} Ka4 {[%emt 0:00:01]} 92. Kc6 {[%emt 0:
00:01]} Ka5 {[%emt 0:00:01]} 93. Kc5 {[%emt 0:00:02]} Ka4 {[%emt 0:00:01]} 94.
Be6 {[%emt 0:00:03]} Ka3 {[%emt 0:00:02]} 95. Kc4 {[%emt 0:00:01]} Ka2 {[%emt
0:00:02]} 96. Bc8 {[%emt 0:00:02]} Ka3 {[%emt 0:00:01]} 97. Bb7 {[%emt 0:00:02]
} Ka2 {[%emt 0:00:01]} 98. Kc3 {[%emt 0:00:01]} Ka1 {[%emt 0:00:02]} 99. Kc2 {
[%emt 0:00:03] Mtudorache abbandona} 1-0

[Event "Villarobledo Online Qualifyer"]
[Site "playchess.com #155672"]
[Date "2009.05.23"]
[Round "11"]
[White "Drago_infiammato"]
[Black "Murri"]
[Result "0-1"]
[WhiteElo "2070"]
[BlackElo "1782"]
[PlyCount "190"]
[EventDate "2009.05.23"]
[EventType "swiss (blitz)"]

1. d4 {[%emt 0:00:00]} d5 {[%emt 0:00:07]} 2. c4 {[%emt 0:00:12]} e6 {[%emt 0:
00:01]} 3. Nc3 {[%emt 0:00:01]} Nf6 {[%emt 0:00:02]} 4. Nf3 {[%emt 0:00:05]}
Be7 {[%emt 0:00:02]} 5. Bg5 {[%emt 0:00:01]} O-O {[%emt 0:00:02]} 6. e3 {[%emt
0:00:00]} c5 {[%emt 0:00:07]} 7. cxd5 {[%emt 0:00:03]} exd5 {[%emt 0:00:13]} 8.
dxc5 {[%emt 0:00:04]} Bxc5 {[%emt 0:00:07]} 9. Bxf6 {[%emt 0:00:01]} Qxf6 {
[%emt 0:00:08]} 10. Qxd5 {[%emt 0:00:02]} Bb4 {[%emt 0:00:02]} 11. Qb3 {[%emt
0:00:02]} Bxc3+ {[%emt 0:00:05]} 12. Qxc3 {[%emt 0:00:01]} Bg4 {[%emt 0:00:01]}
13. Qxf6 {[%emt 0:00:02]} gxf6 {[%emt 0:00:02]} 14. Nd4 {[%emt 0:00:01]} Nd7 {
[%emt 0:00:13]} 15. f3 {[%emt 0:00:01]} Bh5 {[%emt 0:00:02]} 16. Bc4 {[%emt 0:
00:05]} Ne5 {[%emt 0:00:08]} 17. Be2 {[%emt 0:00:05]} Rac8 {[%emt 0:00:05]} 18.
Kf2 {[%emt 0:00:02]} Rfd8 {[%emt 0:00:06]} 19. Rac1 {[%emt 0:00:02]} Bg6 {
[%emt 0:00:09]} 20. Rhd1 {[%emt 0:00:03]} a6 {[%emt 0:00:12]} 21. g4 {[%emt 0:
00:04]} h5 {[%emt 0:00:07]} 22. h3 {[%emt 0:00:02]} hxg4 {[%emt 0:00:06]} 23.
hxg4 {[%emt 0:00:00]} Kg7 {[%emt 0:00:06]} 24. Rxc8 {[%emt 0:00:02]} Rxc8 {
[%emt 0:00:02]} 25. f4 {[%emt 0:00:00]} Nc4 {[%emt 0:00:43]} 26. Bxc4 {[%emt 0:
00:09]} Rxc4 {[%emt 0:00:02]} 27. f5 {[%emt 0:00:01]} Bh7 {[%emt 0:00:01]} 28.
b3 {[%emt 0:00:05]} Rc3 {[%emt 0:00:03]} 29. Ke2 {[%emt 0:00:02]} Kh6 {[%emt 0:
00:04]} 30. Nf3 {[%emt 0:00:03]} Rc2+ {[%emt 0:00:04]} 31. Rd2 {[%emt 0:00:01]}
Rc1 {[%emt 0:00:01]} 32. Kd3 {[%emt 0:00:01]} Rf1 {[%emt 0:00:02]} 33. Ke4 {
[%emt 0:00:01]} Kg7 {[%emt 0:00:05]} 34. Rd7 {[%emt 0:00:04]} Rf2 {[%emt 0:00:
01]} 35. Rxb7 {[%emt 0:00:02]} Rxa2 {[%emt 0:00:06]} 36. Rb6 {[%emt 0:00:01]}
Rg2 {[%emt 0:00:02]} 37. Kf4 {[%emt 0:00:01]} Rb2 {[%emt 0:00:05]} 38. Nd4 {
[%emt 0:00:01]} Rf2+ {[%emt 0:00:02]} 39. Kg3 {[%emt 0:00:01]} Rd2 {[%emt 0:00:
05]} 40. Rxa6 {[%emt 0:00:04]} Rd3 {[%emt 0:00:01]} 41. Kf4 {[%emt 0:00:01]}
Rd1 {[%emt 0:00:01]} 42. Ra7 {[%emt 0:00:01]} Rg1 {[%emt 0:00:01]} 43. b4 {
[%emt 0:00:02]} Rf1+ {[%emt 0:00:01]} 44. Nf3 {[%emt 0:00:01]} Rb1 {[%emt 0:00:
03]} 45. Rb7 {[%emt 0:00:01]} Bg8 {[%emt 0:00:01]} 46. b5 {[%emt 0:00:01]} Rb4+
{[%emt 0:00:02]} 47. e4 {[%emt 0:00:03]} Rb1 {[%emt 0:00:05]} 48. b6 {[%emt 0:
00:01]} Bh7 {[%emt 0:00:02]} 49. Rb8 {[%emt 0:00:10]} Kh6 {[%emt 0:00:02]} 50.
b7 {[%emt 0:00:01]} Rb3 {[%emt 0:00:16]} 51. e5 {[%emt 0:00:04]} Rb4+ {[%emt 0:
00:02]} 52. Kg3 {[%emt 0:00:02]} Kg7 {[%emt 0:00:05]} 53. e6 {[%emt 0:00:08]}
fxe6 {[%emt 0:00:05]} 54. fxe6 {[%emt 0:00:01]} Be4 {[%emt 0:00:01]} 55. e7 {
[%emt 0:00:04]} Bc6 {[%emt 0:00:10]} 56. Nd4 {[%emt 0:00:10]} Bd7 {[%emt 0:00:
04]} 57. e8=Q {[%emt 0:00:13] .} Bxe8 {[%emt 0:00:02]} 58. Rxe8 {[%emt 0:00:00]
} Rxb7 {[%emt 0:00:01]} 59. Nf5+ {[%emt 0:00:00]} Kg6 {[%emt 0:00:02]} 60. Kf4
{[%emt 0:00:01]} Rb4+ {[%emt 0:00:02]} 61. Re4 {[%emt 0:00:01]} Rb1 {[%emt 0:
00:02]} 62. Ne7+ {[%emt 0:00:01]} Kf7 {[%emt 0:00:01]} 63. Nd5 {[%emt 0:00:03]}
Rf1+ {[%emt 0:00:05]} 64. Kg3 {[%emt 0:00:01]} Rd1 {[%emt 0:00:01]} 65. Ne3 {
[%emt 0:00:02]} Re1 {[%emt 0:00:01]} 66. Kf4 {[%emt 0:00:03]} Rg1 {[%emt 0:00:
01]} 67. Ra4 {[%emt 0:00:02]} Kg6 {[%emt 0:00:02]} 68. Ra6 {[%emt 0:00:01]} Ra1
{[%emt 0:00:03]} 69. Nd5 {[%emt 0:00:02]} Rxa6 {[%emt 0:00:02]} 70. Ne7+ {
[%emt 0:00:02]} Kf7 {[%emt 0:00:01]} 71. Nf5 {[%emt 0:00:01] Drago_infiammato
offre la patta} Ra4+ {[%emt 0:00:01]} 72. Kf3 {[%emt 0:00:04]} Kg6 {[%emt 0:00:
02]} 73. Ne3 {[%emt 0:00:03]} Ra3 {[%emt 0:00:03]} 74. Kf2 {[%emt 0:00:02]} Kg5
{[%emt 0:00:02]} 75. Kf3 {[%emt 0:00:00]} Rxe3+ {[%emt 0:00:02]} 76. Kxe3 {
[%emt 0:00:01]} Kxg4 {[%emt 0:00:01]} 77. Kf2 {[%emt 0:00:01]} Kf4 {[%emt 0:00:
01]} 78. Kg2 {[%emt 0:00:01]} Ke3 {[%emt 0:00:01]} 79. Kg1 {[%emt 0:00:03]} f5
{[%emt 0:00:01]} 80. Kg2 {[%emt 0:00:01]} f4 {[%emt 0:00:01]} 81. Kf1 {[%emt 0:
00:02]} Kf3 {[%emt 0:00:01]} 82. Ke1 {[%emt 0:00:00]} Kg2 {[%emt 0:00:01]} 83.
Ke2 {[%emt 0:00:00]} f3+ {[%emt 0:00:01]} 84. Ke3 {[%emt 0:00:00]} f2 {[%emt 0:
00:00]} 85. Ke2 {[%emt 0:00:00]} f1=Q+ {[%emt 0:00:01]} 86. Ke3 {[%emt 0:00:00]
} Qe1+ {[%emt 0:00:01]} 87. Kd4 {[%emt 0:00:01]} Qb4+ {[%emt 0:00:01]} 88. Kd5
{[%emt 0:00:00]} Kf3 {[%emt 0:00:01]} 89. Ke5 {[%emt 0:00:01]} Qc5+ {[%emt 0:
00:01]} 90. Ke6 {[%emt 0:00:00]} Kf4 {[%emt 0:00:01]} 91. Kd7 {[%emt 0:00:00]}
Qb6 {[%emt 0:00:01]} 92. Ke8 {[%emt 0:00:00]} Qc7 {[%emt 0:00:01]} 93. Kf8 {
[%emt 0:00:01]} Kf5 {[%emt 0:00:01]} 94. Ke8 {[%emt 0:00:00]} Kf6 {[%emt 0:00:
01] Murri claims win on disconnect} 95. Kf8 {[%emt 0:02:45]} Qc8# {[%emt 0:00:
03]} 0-1

[Event "Villarobledo Online Qualifyer"]
[Site "playchess.com #155672"]
[Date "2009.05.23"]
[Round "11"]
[White "Spirliadis"]
[Black "Elo 84"]
[Result "0-1"]
[WhiteElo "1889"]
[BlackElo "1667"]
[PlyCount "216"]
[EventDate "2009.05.23"]
[EventType "swiss (blitz)"]

1. e4 {[%emt 0:00:03]} c5 {[%emt 0:00:43]} 2. d4 {[%emt 0:00:05]} cxd4 {[%emt
0:00:03]} 3. c3 {[%emt 0:00:06]} dxc3 {[%emt 0:00:02]} 4. Bc4 {[%emt 0:00:03]}
e6 {[%emt 0:00:03]} 5. Nf3 {[%emt 0:00:01]} a6 {[%emt 0:00:01]} 6. O-O {[%emt
0:00:01]} b5 {[%emt 0:00:02]} 7. Bb3 {[%emt 0:00:01]} cxb2 {[%emt 0:00:01]} 8.
Bxb2 {[%emt 0:00:01]} Nf6 {[%emt 0:00:01]} 9. Re1 {[%emt 0:00:01]} d6 {[%emt 0:
00:02]} 10. Nc3 {[%emt 0:00:01]} Be7 {[%emt 0:00:01]} 11. Rc1 {[%emt 0:00:02]}
O-O {[%emt 0:00:01]} 12. Bc2 {[%emt 0:00:01]} Bb7 {[%emt 0:00:01]} 13. Nd4 {
[%emt 0:00:01]} Nbd7 {[%emt 0:00:01]} 14. f4 {[%emt 0:00:06]} Nc5 {[%emt 0:00:
03]} 15. e5 {[%emt 0:00:05]} dxe5 {[%emt 0:00:01]} 16. fxe5 {[%emt 0:00:01]}
Nd5 {[%emt 0:00:02]} 17. Qh5 {[%emt 0:00:03]} g6 {[%emt 0:00:02]} 18. Qh3 {
[%emt 0:00:09]} Nxc3 {[%emt 0:00:02]} 19. Bxc3 {[%emt 0:00:05]} Na4 {[%emt 0:
00:01]} 20. Rcd1 {[%emt 0:00:10]} Nxc3 {[%emt 0:00:08]} 21. Qxc3 {[%emt 0:00:
05]} Qc8 {[%emt 0:00:06]} 22. Qe3 {[%emt 0:00:16]} Bc5 {[%emt 0:00:03]} 23. Be4
{[%emt 0:00:05]} Bxd4 {[%emt 0:00:02]} 24. Rxd4 {[%emt 0:00:03]} Bxe4 {[%emt 0:
00:02]} 25. Qxe4 {[%emt 0:00:01]} Qc5 {[%emt 0:00:06]} 26. Red1 {[%emt 0:00:02]
} Rac8 {[%emt 0:00:01]} 27. Kh1 {[%emt 0:00:07]} Qc2 {[%emt 0:00:01]} 28. Qb7 {
[%emt 0:00:05]} Qxa2 {[%emt 0:00:04]} 29. Rd7 {[%emt 0:00:05]} Rb8 {[%emt 0:00:
03]} 30. Qa7 {[%emt 0:00:04]} b4 {[%emt 0:00:02]} 31. Rxf7 {[%emt 0:00:03]}
Rxf7 {[%emt 0:00:02]} 32. Qxb8+ {[%emt 0:00:01]} Kg7 {[%emt 0:00:01]} 33. Qxb4
{[%emt 0:00:02]} a5 {[%emt 0:00:03]} 34. Qb5 {[%emt 0:00:06]} a4 {[%emt 0:00:
03]} 35. h3 {[%emt 0:00:01]} a3 {[%emt 0:00:01]} 36. Rd7 {[%emt 0:00:02]} Qa1+
{[%emt 0:00:15]} 37. Kh2 {[%emt 0:00:02]} a2 {[%emt 0:00:01]} 38. Rxf7+ {[%emt
0:00:03]} Kxf7 {[%emt 0:00:02]} 39. Qd7+ {[%emt 0:00:01]} Kf8 {[%emt 0:00:03]}
40. Qxe6 {[%emt 0:00:08]} Qb1 {[%emt 0:00:05]} 41. Qd6+ {[%emt 0:00:04]} Kg8 {
[%emt 0:00:06]} 42. Qe6+ {[%emt 0:00:05]} Kg7 {[%emt 0:00:01]} 43. Qf6+ {[%emt
0:00:01]} Kg8 {[%emt 0:00:03]} 44. Qd8+ {[%emt 0:00:17]} Kf7 {[%emt 0:00:03]}
45. Qd7+ {[%emt 0:00:03]} Kg8 {[%emt 0:00:01]} 46. Qd8+ {[%emt 0:00:11]} Kf7 {
[%emt 0:00:08]} 47. Qf6+ {[%emt 0:00:01]} Ke8 {[%emt 0:00:01]} 48. Qe6+ {[%emt
0:00:12]} Kd8 {[%emt 0:00:01]} 49. Qd6+ {[%emt 0:00:01]} Kc8 {[%emt 0:00:01]}
50. Qc6+ {[%emt 0:00:15]} Kb8 {[%emt 0:00:01]} 51. Qe8+ {[%emt 0:00:04]} Ka7 {
[%emt 0:00:01]} 52. Qa4+ {[%emt 0:00:03]} Kb6 {[%emt 0:00:02]} 53. Qd4+ {[%emt
0:00:01]} Ka5 {[%emt 0:00:01]} 54. Qd2+ {[%emt 0:00:04]} Ka4 {[%emt 0:00:05]}
55. Qd4+ {[%emt 0:00:04]} Qb4 {[%emt 0:00:07]} 56. Qa1 {[%emt 0:00:14]} Qb1 {
[%emt 0:00:02]} 57. Qd4+ {[%emt 0:00:01]} Ka3 {[%emt 0:00:01]} 58. Qa7+ {[%emt
0:00:08]} Kb2 {[%emt 0:00:02]} 59. Qb6+ {[%emt 0:00:01]} Kc1 {[%emt 0:00:04]}
60. Qg1+ {[%emt 0:00:05]} Kb2 {[%emt 0:00:04]} 61. Qb6+ {[%emt 0:00:01]} Kc3 {
[%emt 0:00:03]} 62. Qc5+ {[%emt 0:00:01]} Kd3 {[%emt 0:00:02]} 63. Qd5+ {[%emt
0:00:02]} Ke3 {[%emt 0:00:02]} 64. Qf3+ {[%emt 0:00:02]} Kd4 {[%emt 0:00:02]}
65. Qf4+ {[%emt 0:00:06]} Kd5 {[%emt 0:00:01]} 66. Qd2+ {[%emt 0:00:06]} Kxe5 {
[%emt 0:00:01]} 67. Qc3+ {[%emt 0:00:01]} Kf5 {[%emt 0:00:01]} 68. Qf3+ {[%emt
0:00:02]} Ke5 {[%emt 0:00:01]} 69. Qc3+ {[%emt 0:00:03]} Kd5 {[%emt 0:00:01]}
70. Qf3+ {[%emt 0:00:02]} Kc5 {[%emt 0:00:01]} 71. Qc3+ {[%emt 0:00:01]} Kb5 {
[%emt 0:00:01]} 72. Qe5+ {[%emt 0:00:01]} Ka4 {[%emt 0:00:01]} 73. Qd4+ {[%emt
0:00:03]} Qb4 {[%emt 0:00:05]} 74. Qa1 {[%emt 0:00:01]} Qf4+ {[%emt 0:00:08]}
75. Kh1 {[%emt 0:00:05]} Qc4 {[%emt 0:00:04]} 76. Kh2 {[%emt 0:00:03]} h6 {
[%emt 0:00:04]} 77. Qd1+ {[%emt 0:00:02]} Ka3 {[%emt 0:00:05]} 78. Qa1 {[%emt
0:00:04]} g5 {[%emt 0:00:02]} 79. Kh1 {[%emt 0:00:05]} h5 {[%emt 0:00:01]} 80.
Kh2 {[%emt 0:00:01]} g4 {[%emt 0:00:01]} 81. hxg4 {[%emt 0:00:01]} hxg4 {[%emt
0:00:01]} 82. Kg3 {[%emt 0:00:06]} Qc2 {[%emt 0:00:20]} 83. Qg7 {[%emt 0:00:16]
} Qb2 {[%emt 0:00:12] '} 84. Qa7+ {[%emt 0:00:02]} Kb3 {[%emt 0:00:01]} 85.
Qb6+ {[%emt 0:00:01]} Kc2 {[%emt 0:00:01]} 86. Qf2+ {[%emt 0:00:01]} Kb1 {
[%emt 0:00:02]} 87. Qe1+ {[%emt 0:00:01]} Qc1 {[%emt 0:00:01]} 88. Qb4+ {[%emt
0:00:01]} Kc2 {[%emt 0:00:03]} 89. Qc4+ {[%emt 0:00:01]} Kb1 {[%emt 0:00:07]}
90. Qb4+ {[%emt 0:00:01]} Qb2 {[%emt 0:00:01]} 91. Qe4+ {[%emt 0:00:01]} Kc1 {
[%emt 0:00:02]} 92. Qc4+ {[%emt 0:00:02]} Qc2 {[%emt 0:00:05]} 93. Qf1+ {[%emt
0:00:02]} Kb2 {[%emt 0:00:03]} 94. Kxg4 {[%emt 0:00:03]} a1=Q {[%emt 0:00:04]}
95. Qf6+ {[%emt 0:00:01]} Qc3 {[%emt 0:00:05]} 96. Qb6+ {[%emt 0:00:01]} Kc2 {
[%emt 0:00:03]} 97. Qf2+ {[%emt 0:00:02]} Qd2 {[%emt 0:00:02]} 98. Qc5+ {[%emt
0:00:01]} Qac3 {[%emt 0:00:01]} 99. Qf5+ {[%emt 0:00:03]} Qdd3 {[%emt 0:00:01]}
100. Qf2+ {[%emt 0:00:03]} Kb3 {[%emt 0:00:01]} 101. g3 {[%emt 0:00:05]} Qg7+ {
[%emt 0:00:05]} 102. Kh3 {[%emt 0:00:01]} Qdh7+ {[%emt 0:00:03]} 103. Kg2 {
[%emt 0:00:01]} Qb7+ {[%emt 0:00:01]} 104. Kf1 {[%emt 0:00:02]} Qhh1+ {[%emt 0:
00:02]} 105. Ke2 {[%emt 0:00:01]} Qe7+ {[%emt 0:00:02]} 106. Kd2 {[%emt 0:00:
03]} Qd5+ {[%emt 0:00:04]} 107. Kc1 {[%emt 0:00:03]} Qa3+ {[%emt 0:00:03]} 108.
Kb1 {[%emt 0:00:02]} Qd1# {[%emt 0:00:02]} 0-1

[Event "Villarobledo Online Qualifyer"]
[Site "playchess.com #155672"]
[Date "2009.05.23"]
[Round "12"]
[White "Ol38130"]
[Black "Musterlukas"]
[Result "1-0"]
[WhiteElo "1777"]
[BlackElo "1717"]
[PlyCount "45"]
[EventDate "2009.05.23"]
[EventType "swiss (blitz)"]

1. d4 {[%emt 0:00:02]} d5 {[%emt 0:00:03]} 2. Nf3 {[%emt 0:00:04]} e6 {[%emt 0:
00:01]} 3. c4 {[%emt 0:00:02]} Nf6 {[%emt 0:00:02]} 4. Nc3 {[%emt 0:00:01]
Ol38130 réclame le gain suite à déconnexion} Be7 {[%emt 0:00:02]} 5. e3 {[%emt
0:00:03]} O-O {[%emt 0:00:02]} 6. Bd3 {[%emt 0:00:01]} c5 {[%emt 0:00:02]} 7.
O-O {[%emt 0:00:01]} cxd4 {[%emt 0:00:03]} 8. Nxd4 {[%emt 0:00:03]} Nc6 {[%emt
0:00:01]} 9. Nb3 {[%emt 0:00:07]} dxc4 {[%emt 0:00:08]} 10. Bxc4 {[%emt 0:00:
00]} a6 {[%emt 0:00:01]} 11. e4 {[%emt 0:00:04]} b5 {[%emt 0:00:03]} 12. Be2 {
[%emt 0:00:01]} Ne5 {[%emt 0:00:05]} 13. f4 {[%emt 0:00:04]} Qxd1 {[%emt 0:00:
09]} 14. Rxd1 {[%emt 0:00:02]} Neg4 {[%emt 0:00:01]} 15. e5 {[%emt 0:00:02]}
Ne3 {[%emt 0:00:06]} 16. Bxe3 {[%emt 0:00:02]} Nd7 {[%emt 0:00:12]} 17. Bf3 {
[%emt 0:00:01]} Rb8 {[%emt 0:00:02]} 18. Ba7 {[%emt 0:00:01]} Bc5+ {[%emt 0:00:
06]} 19. Nxc5 {[%emt 0:00:03]} Nxc5 {[%emt 0:00:01]} 20. Bxb8 {[%emt 0:00:02]}
Bb7 {[%emt 0:00:07]} 21. Bd6 {[%emt 0:00:05]} Re8 {[%emt 0:00:07]} 22. Bxc5 {
[%emt 0:00:02]} Bxf3 {[%emt 0:00:06]} 23. gxf3 {[%emt 0:00:00] Musterlukas
resigns} 1-0

[Event "Villarobledo Online Qualifyer"]
[Site "playchess.com #155672"]
[Date "2009.05.23"]
[Round "12"]
[White "acepoint"]
[Black "Direchess"]
[Result "1-0"]
[WhiteElo "1861"]
[BlackElo "2017"]
[PlyCount "45"]
[EventDate "2009.05.23"]
[EventType "swiss (blitz)"]

1. e4 {[%emt 0:00:02]} c5 {[%emt 0:00:01]} 2. Nf3 {[%emt 0:00:02]} d6 {[%emt 0:
00:01]} 3. d4 {[%emt 0:00:01]} cxd4 {[%emt 0:00:01]} 4. Nxd4 {[%emt 0:00:00]}
Nf6 {[%emt 0:00:02]} 5. Nc3 {[%emt 0:00:00]} g6 {[%emt 0:00:02]} 6. Be3 {[%emt
0:00:01]} Bg7 {[%emt 0:00:01]} 7. Be2 {[%emt 0:00:01]} O-O {[%emt 0:00:01]} 8.
Qd2 {[%emt 0:00:01]} Nc6 {[%emt 0:00:02]} 9. O-O-O {[%emt 0:00:01]} Ne5 {[%emt
0:00:17]} 10. h4 {[%emt 0:00:05]} h5 {[%emt 0:00:04]} 11. f3 {[%emt 0:00:10]}
Bd7 {[%emt 0:00:04]} 12. g4 {[%emt 0:00:11]} hxg4 {[%emt 0:00:07]} 13. h5 {
[%emt 0:00:04]} gxh5 {[%emt 0:00:03]} 14. fxg4 {[%emt 0:00:02]} Bxg4 {[%emt 0:
00:05]} 15. Bh6 {[%emt 0:00:06]} Qd7 {[%emt 0:00:13]} 16. Bxg7 {[%emt 0:00:03]}
Kxg7 {[%emt 0:00:02]} 17. Qg5+ {[%emt 0:00:02]} Ng6 {[%emt 0:00:08]} 18. Nf5+ {
[%emt 0:00:06]} Bxf5 {[%emt 0:00:09]} 19. exf5 {[%emt 0:00:02]} Nh7 {[%emt 0:
00:05]} 20. Qxh5 {[%emt 0:00:04]} Nf6 {[%emt 0:00:06]} 21. Qh6+ {[%emt 0:00:08]
} Kg8 {[%emt 0:00:02]} 22. fxg6 {[%emt 0:00:06]} fxg6 {[%emt 0:00:02]} 23.
Qxg6# {[%emt 0:00:02]} 1-0

[Event "Villarobledo Online Qualifyer"]
[Site "playchess.com #155672"]
[Date "2009.05.23"]
[Round "12"]
[White "DHCA"]
[Black "ZECE"]
[Result "0-1"]
[WhiteElo "1671"]
[BlackElo "2097"]
[PlyCount "62"]
[EventDate "2009.05.23"]
[EventType "swiss (blitz)"]

1. e4 {[%emt 0:00:02]} c5 {[%emt 0:00:01]} 2. Nf3 {[%emt 0:00:01]} e6 {[%emt 0:
00:01]} 3. d4 {[%emt 0:00:01]} cxd4 {[%emt 0:00:01]} 4. Nxd4 {[%emt 0:00:00]}
Nc6 {[%emt 0:00:01]} 5. Nc3 {[%emt 0:00:02]} Bc5 {[%emt 0:00:01]} 6. Nxc6 {
[%emt 0:00:01]} bxc6 {[%emt 0:00:01]} 7. Bd3 {[%emt 0:00:03]} Qb6 {[%emt 0:00:
02]} 8. O-O {[%emt 0:00:02]} Qc7 {[%emt 0:00:09]} 9. Qe2 {[%emt 0:00:03]} Ne7 {
[%emt 0:00:02]} 10. Be3 {[%emt 0:00:02]} Bb6 {[%emt 0:00:01]} 11. Bxb6 {[%emt
0:00:01]} Qxb6 {[%emt 0:00:01]} 12. Rab1 {[%emt 0:00:03]} O-O {[%emt 0:00:02]}
13. a3 {[%emt 0:00:01]} d5 {[%emt 0:00:02]} 14. exd5 {[%emt 0:00:03]} cxd5 {
[%emt 0:00:01]} 15. Qh5 {[%emt 0:00:02]} g6 {[%emt 0:00:06]} 16. Qh4 {[%emt 0:
00:01]} Nf5 {[%emt 0:00:02]} 17. Bxf5 {[%emt 0:00:01]} exf5 {[%emt 0:00:01]}
18. Nxd5 {[%emt 0:00:03]} Qc5 {[%emt 0:00:04]} 19. Nf6+ {[%emt 0:00:09]} Kg7 {
[%emt 0:00:01]} 20. g4 {[%emt 0:00:30]} fxg4 {[%emt 0:00:08]} 21. Nxg4 {[%emt
0:00:32]} Bxg4 {[%emt 0:00:02]} 22. Qxg4 {[%emt 0:00:01]} Qxc2 {[%emt 0:00:01]}
23. h4 {[%emt 0:00:05]} h5 {[%emt 0:00:02]} 24. Qg5 {[%emt 0:00:02]} Rad8 {
[%emt 0:00:10]} 25. Kh1 {[%emt 0:00:10]} Qe4+ {[%emt 0:00:03]} 26. f3 {[%emt 0:
00:02]} Qc4 {[%emt 0:00:06]} 27. Rg1 {[%emt 0:00:02]} Rd5 {[%emt 0:00:02]} 28.
Qe3 {[%emt 0:00:08]} Qxh4+ {[%emt 0:00:04]} 29. Kg2 {[%emt 0:00:01]} Rfd8 {
[%emt 0:00:16]} 30. Qc3+ {[%emt 0:00:11]} Kh7 {[%emt 0:00:03]} 31. Rgf1 {[%emt
0:00:07]} Rd2+ {[%emt 0:00:03] DHCA rinde} 0-1